Statistics for Largest CDP In Every State (2020 Census)

Click here to take the quiz!

General Stats

  • This quiz has been taken 9 times
  • The average score is 17 of 49

Answer Stats

StatePopulationAnswer% Correct
Virginia238,643Arlington
100%
Texas114,436The Woodlands
100%
Maryland104,681Columbia
86%
Louisiana143,507Metairie
86%
Oregon53,828Aloha
71%
Delaware23,060Bear
71%
Hawaii50,922East Honolulu
71%
California118,786East Los Angeles
71%
Nevada221,831Enterprise
71%
Alaska19,297Knik-Fairview
71%
Florida114,626Brandon
57%
Colorado103,444Highlands Ranch
57%
Arizona99,894San Tan Valley
57%
New Jersey92,830Toms River
57%
Georgia34,536Evans
43%
Pennsylvania52,699Levittown
43%
Missouri36,301Oakville
43%
Washington64,708South Hill
43%
New Mexico38,338South Valley
43%
Ohio29,594Austintown
29%
Massachusetts63,191Brookline
29%
Maine17,033Brunswick
29%
Kentucky17,318Burlington
29%
Nebraska11,064Chalco
29%
New York76,829Cheektowaga
29%
New Hampshire22,879Derry
29%
Michigan28,573Forest Hills
29%
Indiana30,337Granger
29%
Arkansas15,861Hot Springs Village
29%
Wyoming6,199Ranchettes
29%
Connecticut64,083West Hartford
29%
Kansas9,230Fort Riley
14%
Montana9,168Helena Valley Southeast
14%
Idaho4,556Lincoln
14%
North Dakota5,017Minot AFB
14%
North Carolina16,582Murraysville
14%
Rhode Island12,337Newport East
14%
South Dakota8,098Rapid Valley
14%
Tennessee14,705Seymour
14%
South Carolina23,222Taylors
14%
West Virginia14,350Teays Valley
14%
Alabama17,731Tillmans Corner
14%
Minnesota2,082Esko
0%
Illinois10,637Gages Lake
0%
Mississippi8,526Gulf Hills
0%
Oklahoma3,193Park Hill
0%
Wisconsin6,061Rib Mountain
0%
Iowa3,584Saylorville
0%
Utah9,851Stansbury Park
0%

Score Distribution

Percentile by Number Answered

Percent of People with Each Score

Your Score History

You have not taken this quiz